<Die> kaufmännische Budgetrechnung Was leistet sie für Planung und Kontrolle im Betriebe?

Gespeichert in:
Bibliographische Detailangaben
1. Verfasser: Ritter, Ewald
Format: Buch
Sprache:Deutsch
Veröffentlicht: Leipzig Gloeckner 1939
Tags: Tag hinzufügen
Keine Tags, Fügen Sie das erste Tag hinzu!

MARC

LEADER 00000nam a2200000 4500
001 c126686
005 20041019155238.7
041 0 |a ger 
044 |a DE 
245 1 0 |a <Die> kaufmännische Budgetrechnung  |b Was leistet sie für Planung und Kontrolle im Betriebe?  |c Ewald Ritter 
264 1 |a Leipzig  |b Gloeckner  |c 1939 
300 |a 112 s. 
100 1 |a Ritter, Ewald